000 00664nam a22002177a 4500
005 20250704161051.0
008 250704b |||||||| |||| 00| 0 eng d
020 _a978-93-5281-231-8 (pbk)
037 _cTB
040 _aCRL
_cCRL
041 _2eng
_aeng
_hkan
084 _aO33,6x Q7
_qCRL
100 _aNarayanappa, V.
_9815177
245 _aVishwavidyalaya prasaraangam
260 _aBengaluru, India:
_bMudrana,
_c2017.
300 _axii, 31p.
365 _b40.00
_cINR
650 _2Kannad Literature
942 _2CC
_cTB
_hO33,6x Q7
_n0
999 _c1433442
_d1433442